000 00722nam a22002297a 4500
003 DO-SdBNP
005 20210601103053.0
008 210218b2018 dr |00| 0 spa d
020 _a9789945802160
040 _aBPMSU
_bspa
_cBPMSU
082 _aRD861.44
_bC118c 2018
_222
100 _aCáceres Reynoso, Ysidro
_d1956 -
245 1 0 _aCausa y sentimiento /
_b(texto poético)
_cYsidro Cáceres Reynoso.
260 _aSanto Dominicana :
_b[sin, editorial],
_c2018.
300 _a105 p. ;
_c21 cm.
_b
500 _aIncluye datos biográficos del autor en la contracubierta
590 _aInventario 2021/ MC
650 4 _aPoesía dominicana
650 4 _aLiteratura dominicana
910 _aMCabrera /VMateo
942 _2ddc
_cBK
999 _c13377
_d13377